000 00497nam a2200181Ia 4500
005 20250923144321.0
008 008 250917s9999 xx 000 0 eng d
037 _aTextual
040 _aDSWL
_beng
_cDSWL
041 _aeng
_2eng
084 _aY115-49y7, H2
_qDSWL
100 _aJephcott, A.P
_9823595
245 0 _aGirls growing up
_cby A.P Jephcott
260 _aLondon
_c1945
300 _a172 p.
942 _cTEXL
_hY115-49y7, H2
999 _c1437369
_d1437369